000 01795cam a22002054a 4500
005 20250605164046.0
008 250528s ||||||||||||||||||||||||d
035 _a17128
020 _a9608574943
040 _aGR-AtMCL
_bgre
_dGR-AtMCL
_eAACR2
245 1 _aΣτατιστική / Μέθοδοι Ανάλυσης για Επιχειρηματικές Αποφάσεις
250 _a
260 _bRosili,
_c2001
300 _a488
520 _aΤο παρόν βιβλίο αποτελεί ένα περιεκτικό και κατανοητό οδηγό των πιο διαδεδομένων μεθόδων της στατιστικής ανάλυσης. Πρόλογος, Είδη Στατιστικών Δεδομένων και Τρόποι Συλλογής τους, Τρόποι Παρουσίασης Στατιστικών Δεδομένων, Βασικά Χαρακτηριστικά Αριθμητικών Δεδομένων, Εισαγωγή στις Πιθανότητες και Κατανομές Πιθανοτήτων, Η Κανονική Κατανομή και Κατανομές Δειγματοληψίας, Εκτίμηση Διαστήματος Εμπιστοσύνης, Έλεγχοι Υποθέσεων, Απλή Γραμμική Παλινδρόμηση και Συσχέτιση, Άλλα Είδη Συσχέτισης, Πολλαπλή Παλινδρόμησησ, Ανάλυση Διακύμανσης, Ανάλυση Χρονολογικών Σειρών, Αριθμοδείκτες, Στατιστικός Ποιοτικός Έλεγχος, Παράρτημα: Πίνακες, Εμπειρικά Δεδομένα, Βιβλιογραφία.
700 1 _aΧαλκιάς Ιωάννης Γ
_93272
942 _cBK
999 _c2568
_d2568